01315nam a2200277 a 450000100100000000500170001000800410002702000180006804000250008608200170011110000380012824500750016626000360024130000210027750000700029859000270036865000430039565000280043865000330046691000400049995201150053995201300065495201150078495201210089999900170102000003026820260202091015.0110505s2011 dr 001 0 spa d z9789945194268 aDO-SdBNPbspacBNPHU a158.1bS715t1 aSosa Sosa, Diego A.,d1966-9323610aTú eres la estrella :bfortalece tus 5 puntos /cDiego A. Sosa Sosa. aSanto Domingo :bBúho,c2011. a248 p. ;c23 cm. aIncluye datos biográficos del autor en la solapa de la cubierta aInventariado, 2018/MFF 0aAutorrealización (Psicología)9211 0aRelaciones humanas9606 0aPsicología aplicada 91579 aValidado. Control de la calidad EMS 0011718PDaGRbGRcMId2014-02-24iLF1l0o158.1 S715tp30268-40r2020-06-25w2020-06-25yLFPDZNo se presta 001054708DSaGRbGRcHDd2012-10-01iLF1l0o158.1 S715tp30268-30r2020-06-25te. 3w2020-06-25yLFDSZPréstamo en sala 0010718PDaPDbPDcHDd2011-05-05iLF1l0o158.1 S715tp30268-10r2020-06-25w2020-06-25yLFPDZNo se presta 0010718PDaPDbPDcHDd2012-10-01iLF1l0o158.1 S715tp30268-20r2020-06-25te. 2w2020-06-25yLFPDZNo se presta c29760d29760